Best World Cup soccer nations by population - Statistics

General Stats
  • This quiz has been taken 109 times
  • The average score is 15 of 20
Answer Stats
Points won World Cups Population (Millions) Points/pop Answer % Correct
93 10 17 5.47 Netherlands
90%
51 12 11.4 4.47 Belgium
89%
218 18 82.1 2.66 Germany
88%
61 11 9.9 6.19 Sweden
88%
43 6 10.3 4.17 Portugal
87%
156 18 59.4 2.62 Italy
82%
72 12 3.5 20.6 Uruguay
82%
39 10 8.5 4.59 Switzerland
81%
26 4 5.7 4.56 Denmark
79%
140 16 44.2 3.17 Argentina
76%
14 3 4.8 2.92 Republic of Ireland
76%
23 4 4.2 5.48 Croatia
74%
40 7 8.7 4.6 Austria
70%
40 9 18.1 2.2 Chile
70%
48 9 9.7 4.95 Hungary
69%
19 8 5.3 3.58 Scotland
68%
31 8 6.8 4.55 Paraguay
58%
17 7 7.1 2.39 Bulgaria
52%
14 3 1.8 7.78 Northern Ireland
48%
19 4 4.9 3.88 Costa Rica
46%
No matching quizzes found
Score Distribution
Percent of People with Each Score
Percentile by Number Answered
Your Score History
You have not taken this quiz